1496 1456 1536 1966 1761 1066 1766 1917 1680 1133 1218 1579 1367 1505 1712 1054 1022 1538 1234 1370 1913 1183 1077 1832 1261 1596 1829 1036 1441 1380 1651 1360 1946 1230 1402 1175 1037 1994 1458 1873 1791 1199 1644 1816 1778 1237 1631 1100 1496 1757 1931 1213 1290 1083 1031 1467 1425 1441 1902 1154 1452 1106 1990 1661 1538 1384 1350 1437 1804 1388 1477 1658 1521 1972 1355 1102 1517 1892 1416 1993 1969 1422 1974 1959 1378 1613 1202 1758 1369 1146 1854 1533 1457 1878 1976 1826 1245 1263 1105 BCNSPRNW ULIB Ver.6.0+V

เปลี่ยนเป็นภาษาไทย

Change to English
 แสดงรายละเอียดบรรณานุกรม
  กลับหน้าหลัก

Brief Record : Get Marc (ISO 2709) : E-mail record : QR code < ปิดหน้าต่าง
LEADER : 00000nam 2200000uu 4500
001    13399107789
003     ULIB
008    110203s2551||||th 000 0 tha d
020    9789743072956
060  4 QT260^bก279ค 2551
100 0  กฤษฎา บานชื่น
245 00 คู่มือวิ่งเพื่อสุขภาพ/^cกฤษฎา บานชื่น
250    พิมพ์ครั้งที่ 10
260    กรุงเทพฯ:^bสำนักพิมพ์หมอชาวบ้าน,^c2551
300    360:^bภาพประกอบ
650  7 การวิ่ง
650  7 การออกกำลังกาย
945    ^p330^l0^i025625
945    ^p330^l0^i025624
945    ^p330^l0^i025224
995    ทศพร
999 ^a ใช้งานได้ทุกระบบ
รายการนี้ยังไม่มีแท็ก
คุณยังไม่ได้ล็อกอิน คุณสามารถมีกิจกรรมร่วมกับเว็บไซต์ได้ แต่ต้องล็อกอินก่อน ::
  ล็อกอิน

รายการสื่อสารสนเทศ

ลำดับที่ ประเภท เลขเรียก/บาร์โค้ด สถานที่ สถานะ
1. วิทยาศาสตร์การแพทย์ และสุขภาพ
วิทยาศาสตร์การแพทย์ และสุขภาพ
QT260 ก279ค 2551 ฉ.3 
  Barcode: 025625
ห้องสมุดวิทยาเขตสวรรค์ประชารักษ์
►ส่วนจัดเก็บหนังสือเก่า สปร
บนชั้น
  ขอยืม

รายการใกล้เคียง
    ผู้แต่ง [กฤษฎา บานชื่น]

    หัวเรื่อง [การวิ่ง]
    หัวเรื่อง [การออกกำลังกาย]

BibComment


ยังไม่เคยถูกคอมเมนท์

คอมเมนท์ทรัพยากรรายการนี้
  คอมเมนท์: คู่มือวิ่งเพื่อสุ..


 Copyright 2026. Bcnsprnw @Library